000261868 001__ 261868
000261868 005__ 20240928175445.0
000261868 0247_ $$aG:(GEPRIS)427366387$$d427366387
000261868 035__ $$aG:(GEPRIS)427366387
000261868 040__ $$aGEPRIS$$chttp://gepris.its.kfa-juelich.de
000261868 150__ $$aSynthese von großen Mengen an gelabelten und ungelabelten Peptiden mit schwierigen Sequenzen (Z01*)$$y2019 - 2023
000261868 371__ $$aDr. Sven Rothemund
000261868 450__ $$aDFG project G:(GEPRIS)427366387$$wd$$y2019 - 2023
000261868 5101_ $$0I:(DE-588b)2007744-0$$aDeutsche Forschungsgemeinschaft$$bDFG
000261868 550__ $$0G:(GEPRIS)189853844$$aTRR 102: Polymere unter Zwangsbedingungen: eingeschränkte und kontrollierte molekulare Ordnung und Beweglichkeit$$wt
000261868 680__ $$a
000261868 909CO $$ooai:juser.fz-juelich.de:928471$$pauthority$$pauthority:GRANT
000261868 909CO $$ooai:juser.fz-juelich.de:928471
000261868 980__ $$aG
000261868 980__ $$aAUTHORITY